[Event "AUTO-MASTER-874"]
[Site "http://www.queenalice.com/game.php?id=634204"]
[Date "2009.8.10"]
[Round "1"]
[White "Tchecmaurice"]
[Black "slomarko"]
[Result "0-1"]
[WhiteElo "1936"]
[BlackElo "2106"]

1. d4 Nf6 2. c4 b6 3. Bg5 Ne4 4. Bf4 e6 5. a3 a5 6. g3 Bb7 7. Nf3 h6 8. Bg2 g5
9. Be3 Qf6 10. O-O Bg7 11. Nbd2 Nxd2 12. Qxd2 O-O 13. h4 g4 14. Ne5 Bxg2 15.
Nxg4 Qg6 16. Nxh6+ Kh7 17. Kxg2 Bxh6 18. h5 Qe4+ 19. Kh2 Bxe3 20. fxe3 e5 21.
Rf3 Nc6 22. Raf1 Kg7 23. Kg2 Rh8 24. Rh1 Rh6 25. Rh4 Qb1 26. e4 Rah8 27. d5 Ne7
28. Qg5+ Kf8 29. Qxe5 d6 30. Qg5 Qxb2 31. Rhf4 Qxe2+ 32. Kg1 R6h7 33. Qg4 Ke8
34. Rf6 Rxh5 35. Qxh5 Rxh5 36. Rxf7 Rh2 37. Rf8+ Kd7 38. Rf2 Rxf2 39. Rxf2 Qxe4
0-1

[Event "Let's Play Chess!"]
[Site "http://www.queenalice.com/game.php?id=634786"]
[Date "2009.8.12"]
[Round "-"]
[White "slomarko"]
[Black "Bergman"]
[Result "0-1"]
[WhiteElo "2122"]
[BlackElo "2732"]

1. c4 c5 2. Nc3 Nc6 3. Nf3 Nf6 4. g3 g6 5. Bg2 Bg7 6. Nd5 d6 7. Nxf6+ Bxf6 8. d3
Qb6 9. Rb1 Qa5+ 10. Bd2 Qxa2 11. Bc3 O-O 12. Bxf6 exf6 13. O-O Re8 14. Qd2 Qa5
15. Qh6 Rxe2 16. h4 Bf5 17. h5 Bxd3 18. Rbd1 Bxc4 19. Rxd6 Re6 20. Rxe6 Bxe6 21.
hxg6 hxg6 22. Re1 Nd4 23. Kh2 Nxf3+ 24. Bxf3 Qxe1 25. Kg2 Rd8 26. Qxg6+ fxg6 0-1

[Event "Let's Play Chess!"]
[Site "http://www.queenalice.com/game.php?id=634787"]
[Date "2009.8.12"]
[Round "-"]
[White "slomarko"]
[Black "Bergman"]
[Result "1/2-1/2"]
[WhiteElo "2186"]
[BlackElo "2744"]

1. e4 e5 2. Nf3 Nf6 3. Nxe5 d6 4. Nf3 Nxe4 5. Qe2 Qe7 6. d3 Nf6 7. Bg5 Nc6 8.
Bxf6 gxf6 9. Qxe7+ Nxe7 10. Nc3 Bg4 11. Be2 Rg8 12. O-O Bh3 13. Nh4 Be6 14. d4
O-O-O 15. Rfe1 f5 16. Bh5 Ng6 17. Bxg6 hxg6 18. f4 Bh6 19. g3 g5 20. fxg5 Bxg5
21. Nf3 f4 22. Kg2 Bf6 23. Re4 fxg3 24. hxg3 Rg6 25. Rf4 Rdg8 26. Kf2 c6 27. Rh1
Bd8 28. Ne2 R6g7 29. a3 d5 30. Ke1 Re8 31. Kf2 Kb8 32. c3 Kc8 33. Nc1 Reg8 34.
Ne2 a5 35. a4 Be7 36. Ke1 Re8 37. Rh2 Bd6 38. Ne5 Bxe5 39. dxe5 Bg4 40. Rh4 Bd7
41. Rh5 1/2-1/2

[Event "Let's Play Chess!"]
[Site "http://www.queenalice.com/game.php?id=634792"]
[Date "2009.8.12"]
[Round "-"]
[White "Bergman"]
[Black "slomarko"]
[Result "1/2-1/2"]
[WhiteElo "2728"]
[BlackElo "2132"]

1. c4 Nf6 2. Nc3 g6 3. Nf3 Bg7 4. d4 d5 5. Bg5 Ne4 6. cxd5 Nxg5 7. Nxg5 e6 8.
Qa4+ c6 9. dxc6 Nxc6 10. h4 Qxd4 11. Qxd4 Nxd4 12. O-O-O Bd7 13. e3 h6 14. Nge4
Nf5 15. g4 Bxc3 16. Nxc3 Ne7 17. h5 g5 18. f4 gxf4 19. exf4 Rc8 20. Kb1 Bc6 21.
Bb5 Nd5 22. Bxc6+ bxc6 23. Rd4 Nxc3+ 24. bxc3 Rb8+ 25. Rb4 Ke7 26. Kc2 Kf6 27.
Rhb1 Rxb4 28. cxb4 Rg8 29. Rg1 e5 30. fxe5+ Kxe5 31. Kb3 Rg5 32. Re1+ Kf4 33.
Re7 Kxg4 34. Rxf7 a5 35. Rf6 Rxh5 36. bxa5 Rxa5 37. Rxh6 Kf4 38. Rxc6 Ke5 39. a4
Kd5 40. Rc8 Rc5 41. Rd8+ Kc6 42. Kb4 Kb6 1/2-1/2

[Event "Let's Play Chess!"]
[Site "http://www.queenalice.com/game.php?id=634793"]
[Date "2009.8.12"]
[Round "-"]
[White "Bergman"]
[Black "slomarko"]
[Result "1-0"]
[WhiteElo "2727"]
[BlackElo "2133"]

1. d4 Nf6 2. Bg5 Ne4 3. Bf4 d5 4. Nd2 Nxd2 5. Qxd2 e6 6. e3 Bd6 7. Nf3 Bxf4 8.
exf4 f5 9. O-O-O a5 10. h4 h5 11. Ng5 Qe7 12. Bd3 Nc6 13. Bxf5 Bd7 14. Rde1
O-O-O 15. Nxe6 Rde8 16. Nxc7 Bxf5 17. Rxe7 Rxe7 18. Nxd5 Re4 19. Qc3 Rhe8 20.
Ne3 Rxe3 21. fxe3 Be4 22. Qc4 Kb8 23. d5 Na7 24. d6 Bc6 25. Rd1 Bb5 26. Qc7+ Ka8
27. d7 Rb8 28. d8=Q Nc6 29. Qxc6 1-0

[Event "Let's Play Chess!"]
[Site "http://www.queenalice.com/game.php?id=634795"]
[Date "2009.8.12"]
[Round "-"]
[White "Bergman"]
[Black "slomarko"]
[Result "1/2-1/2"]
[WhiteElo "2722"]
[BlackElo "2143"]

1. Nf3 Nf6 2. g3 b6 3. Bg2 Bb7 4. c4 e6 5. O-O Be7 6. d4 O-O 7. Nc3 Ne4 8. Qc2
Nxc3 9. bxc3 Nc6 10. Nd2 Na5 11. Bxb7 Nxb7 12. Rb1 Qc8 13. Qd3 Na5 14. c5 Re8
15. Ba3 h6 16. e4 d5 17. cxd6 cxd6 18. c4 Qa6 19. f4 Rad8 20. Rbc1 e5 21. d5 Nb7
22. Nf3 exf4 23. gxf4 Rc8 24. Kh1 Nc5 25. Bxc5 Rxc5 26. Nd4 Bf8 27. f5 Ra5 28.
Nb5 Qc8 29. f6 g6 30. a3 Re5 31. Nd4 Qg4 32. Rce1 Rg5 33. Rg1 Qf4 34. Ref1 Rxg1+
35. Kxg1 Qg5+ 36. Kh1 Ra4 37. Qb3 Ra6 38. Qb5 Rxa3 39. Ne6 fxe6 40. Qe8 Ra2 41.
Rg1 Rxh2+ 42. Kxh2 Qh4+ 43. Kg2 Qxe4+ 44. Kh2 Qh4+ 45. Kg2 Qg4+ 46. Kh2 Qh5+
1/2-1/2

[Event "Let's Play Chess!"]
[Site "http://www.queenalice.com/game.php?id=635274"]
[Date "2009.8.12"]
[Round "-"]
[White "slomarko"]
[Black "Pravitel"]
[Result "0-1"]
[WhiteElo "2233"]
[BlackElo "2308"]

1. e4 Nf6 2. f3 e5 3. g3 Bc5 4. Bc4 O-O 5. Nc3 c6 6. Bb3 d5 7. d3 dxe4 8. dxe4
Qe7 9. Kf1 b5 10. Kg2 a5 11. a3 Na6 12. Nh3 Bd4 13. Qe1 Nc5 14. Ba2 Ne6 15. Ng5
Nc7 16. Nh3 Bd7 17. Nf2 Ne6 18. Nd3 Nc5 19. Be3 Nxd3 20. cxd3 Qc5 21. Bxd4 Qxd4
22. Qd2 Qd6 0-1

[Event "Let's Play Chess!"]
[Site "http://www.queenalice.com/game.php?id=635277"]
[Date "2009.8.12"]
[Round "-"]
[White "Pravitel"]
[Black "slomarko"]
[Result "1-0"]
[WhiteElo "2290"]
[BlackElo "2244"]

1. d4 Nf6 2. c4 g6 3. Nc3 d5 4. cxd5 Nxd5 5. e4 Nxc3 6. bxc3 c5 7. Bc4 Bg7 8.
Ne2 O-O 9. O-O cxd4 10. cxd4 Nc6 11. Be3 Na5 12. Bd3 b6 13. Rc1 e6 14. Qa4 Bb7
15. Bd2 Rc8 16. Bb4 Bc6 17. Qa3 Re8 18. Ba6 Rc7 19. Bxa5 bxa5 20. Qxa5 Bh6 21.
f4 Bf8 22. d5 exd5 23. exd5 Bb7 24. Qxc7 Qxc7 25. Rxc7 Bxa6 26. Nc3 Bxf1 27.
Kxf1 Bb4 28. Kf2 a5 29. Kf3 Rd8 30. Ke4 f5+ 31. Kd4 Bd6 32. Rc6 Bxf4 33. g3 Bd2
34. Rc5 Be1 35. Rxa5 Bf2+ 36. Kd3 Bg1 37. h3 h5 38. a4 Bf2 39. Ne2 1-0

[Event "Let's Play Chess!"]
[Site "http://www.queenalice.com/game.php?id=635278"]
[Date "2009.8.12"]
[Round "-"]
[White "slomarko"]
[Black "Pravitel"]
[Result "1/2-1/2"]
[WhiteElo "2239"]
[BlackElo "2242"]

1. c4 Nf6 2. Nf3 e6 3. g3 b6 4. Bg2 Bb7 5. O-O Be7 6. Nc3 c5 7. Ne1 Bxg2 8. Nxg2
d5 9. cxd5 exd5 10. d4 O-O 11. Bg5 1/2-1/2

[Event "Let's Play Chess!"]
[Site "http://www.queenalice.com/game.php?id=635279"]
[Date "2009.8.12"]
[Round "-"]
[White "Pravitel"]
[Black "slomarko"]
[Result "1/2-1/2"]
[WhiteElo "2275"]
[BlackElo "2243"]

1. d4 Nf6 2. c4 b6 3. Nc3 Bb7 4. Nf3 Ne4 5. Nxe4 Bxe4 6. e3 e6 7. Bd3 Bb4+ 8.
Ke2 Bb7 9. a3 Be7 10. Qc2 h6 11. b4 a5 12. Bd2 a4 13. Bc3 O-O 14. e4 d6 15. Rhe1
Nd7 1/2-1/2

[Event "Let's Play Chess!"]
[Site "http://www.queenalice.com/game.php?id=635348"]
[Date "2009.8.12"]
[Round "-"]
[White "slomarko"]
[Black "colognestar"]
[Result "1-0"]
[WhiteElo "2121"]
[BlackElo "2135"]

1. e4 d5 2. d4 dxe4 3. Bc4 Nf6 4. f3 c5 5. d5 a6 6. a4 e6 7. Nc3 exd5 8. Nxd5
Be7 9. Bf4 Nxd5 10. Qxd5 Qxd5 11. Bxd5 exf3 12. Nxf3 O-O 13. O-O Bf6 14. Rae1
Nd7 15. Bd6 Rd8 16. Be7 Re8 17. Bxc5 Rxe1 18. Rxe1 g6 19. Bd4 Bxd4+ 20. Nxd4 Nf6
21. c4 Nxd5 22. Re8+ 1-0

[Event "AUTO-MASTER-876"]
[Site "http://www.queenalice.com/game.php?id=635465"]
[Date "2009.8.13"]
[Round "1"]
[White "Hermano"]
[Black "slomarko"]
[Result "0-1"]
[WhiteElo "1958"]
[BlackElo "2239"]

1. e4 d6 2. h3 g6 3. d4 Bg7 4. Nf3 c5 5. Bb5+ Bd7 6. Bxd7+ Qxd7 7. dxc5 dxc5 8.
Qxd7+ Nxd7 9. O-O Ngf6 10. Re1 O-O 11. c3 Rad8 12. Bg5 h6 13. Bxf6 Nxf6 14. e5
Nd5 15. e6 f5 16. Nbd2 b5 17. Rab1 Rd6 18. g3 Rf6 19. c4 bxc4 20. Nxc4 Rdxe6 21.
Nce5 Rf8 22. Nd7 Rxe1+ 23. Rxe1 Rd8 24. Nxc5 Bxb2 25. Nh4 Kf7 26. Re6 Rc8 27.
Rxg6 Rxc5 28. Rxh6 Nf6 29. Kg2 e6 30. Rh8 Rc2 31. Nf3 Ne4 32. Rh7+ Kg8 33. Rxa7
Rxf2+ 34. Kg1 Rxf3 35. Kh2 Rf2+ 36. Kg1 Bd4 37. Ra8+ Kf7 38. Ra4 e5 0-1

[Event "AUTO-MASTER-876"]
[Site "http://www.queenalice.com/game.php?id=635466"]
[Date "2009.8.13"]
[Round "1"]
[White "slomarko"]
[Black "Hermano"]
[Result "1-0"]
[WhiteElo "2227"]
[BlackElo "1968"]

1. d4 e6 2. g3 d5 3. Bg2 h6 4. Nf3 Nc6 5. O-O Nf6 6. Nc3 a6 7. Bf4 Bd6 8. Be5
Na5 9. b3 c5 10. Na4 cxd4 11. Qxd4 b5 12. Bxd6 Qxd6 13. Nb2 Bb7 14. c4 bxc4 15.
bxc4 O-O 16. Ne5 Rab8 17. Nbd3 Rfc8 18. c5 Qe7 19. Rfc1 Rc7 20. Rab1 Rbc8 21.
Qa4 Nc6 22. Rxb7 Nxe5 23. Rxc7 Qxc7 24. Nxe5 Qxe5 25. Qxa6 Rc7 26. Qb5 d4 27. a4
Nd5 28. Bxd5 Qxd5 29. Qb8+ 1-0

[Event "AUTO-MASTER-876"]
[Site "http://www.queenalice.com/game.php?id=635479"]
[Date "2009.8.13"]
[Round "1"]
[White "slomarko"]
[Black "rheenz"]
[Result "1-0"]
[WhiteElo "2208"]
[BlackElo "2131"]

1. c4 Nf6 2. Nc3 c5 3. Nf3 g6 4. Nd5 Bg7 5. g3 Nxd5 6. cxd5 e5 7. d3 d6 8. Rb1
O-O 9. Bg2 h6 10. O-O Na6 11. a3 Bd7 12. b4 b6 13. e4 Kh7 14. bxc5 Nxc5 15. Be3
Qc8 16. Ne1 Qa6 17. d4 Na4 18. Rc1 Bb5 19. Nf3 Rfc8 20. Rxc8 Rxc8 21. dxe5 Nc3
22. Qb3 Bxf1 23. Bxf1 Qa4 24. Qxa4 Nxa4 25. exd6 Rd8 26. e5 Nc5 27. h4 Ne4 28.
h5 Nxd6 29. exd6 Rxd6 30. Bc4 Bb2 31. a4 gxh5 32. Nh4 Bg7 33. Bf4 Rd7 34. Bd3+
Kh8 35. d6 Bf8 36. Bb5 Rxd6 37. Bxd6 1-0

[Event "AUTO-MASTER-876"]
[Site "http://www.queenalice.com/game.php?id=635480"]
[Date "2009.8.13"]
[Round "1"]
[White "rheenz"]
[Black "slomarko"]
[Result "0-1"]
[WhiteElo "2121"]
[BlackElo "2218"]

1. e4 e6 2. d4 d5 3. Nd2 Nf6 4. e5 Nfd7 5. f4 c5 6. c3 Nc6 7. Ne2 Qb6 8. Nf3 f6
9. f5 exf5 10. e6 Ndb8 11. Nf4 cxd4 12. Nxd4 Nxd4 13. Qxd4 Qxd4 14. cxd4 Bd6 15.
Nxd5 Bxe6 16. Bc4 Kd7 17. O-O Nc6 18. Be3 Na5 19. Bb5+ Nc6 20. Nc3 a6 21. d5
axb5 22. dxe6+ Kxe6 23. Nxb5 Be5 24. Rf2 Ra5 25. Nc3 Rha8 26. Re2 Bxc3 27. bxc3
Re5 28. Kf2 g5 29. g3 b5 30. Rb2 Rd5 31. Ke2 Ne5 32. Bd4 h5 33. Rb4 f4 34. gxf4
gxf4 35. Bxe5 fxe5 36. a4 Kf5 37. a5 e4 38. a6 f3+ 39. Kf2 Kf4 40. Ra2 Rg8 41.
Rab2 Rg2+ 0-1

[Event "AUTO-MASTER-876"]
[Site "http://www.queenalice.com/game.php?id=635481"]
[Date "2009.8.13"]
[Round "1"]
[White "slomarko"]
[Black "gafilho"]
[Result "1-0"]
[WhiteElo "2164"]
[BlackElo "2147"]

1. c4 f5 2. g3 Nf6 3. Bg2 c6 4. c5 Qa5 5. Qc2 e6 6. Nf3 Bxc5 7. O-O d5 8. d3 Bd6
9. e4 fxe4 10. dxe4 Nxe4 11. Nc3 Nxc3 12. bxc3 Nd7 13. c4 O-O 14. Ng5 Nf6 15.
Bb2 d4 16. Ne4 Bc5 17. Nxc5 Qxc5 18. Qd3 Rd8 19. f4 Ng4 20. Rae1 Qf5 21. Be4 Qh5
22. Qd2 c5 23. Bf3 Qf5 24. Ba3 Rd7 25. Be4 Qf8 26. Bf3 Ne3 27. Rxe3 dxe3 28.
Qxe3 Rc7 29. Qe5 Qe7 30. Re1 Rb8 31. f5 b5 32. cxb5 Rxb5 33. fxe6 h6 34. Bd5 Kh7
35. Qf5+ Kh8 36. Qg6 Qf6 37. Qe8+ Kh7 38. Be4+ g6 39. Qxb5 1-0

[Event "AUTO-MASTER-876"]
[Site "http://www.queenalice.com/game.php?id=635482"]
[Date "2009.8.13"]
[Round "1"]
[White "gafilho"]
[Black "slomarko"]
[Result "1/2-1/2"]
[WhiteElo "2239"]
[BlackElo "2207"]

1. d4 f5 2. g3 Nf6 3. Bg2 e6 4. Nf3 Be7 5. c4 O-O 6. O-O c6 7. b3 Ne4 8. Ba3
Bxa3 9. Nxa3 d5 10. Qd3 Nd7 11. b4 Qe7 12. b5 c5 13. cxd5 exd5 14. dxc5 Ndxc5
15. Qxd5+ Be6 16. Qe5 Rad8 17. Rfd1 Rfe8 18. Rxd8 Qxd8 19. Nc2 Bc4 20. Qxf5 Bxe2
21. Re1 g6 22. Qg4 Bxb5 23. Nfd4 Qd7 24. Qxd7 Bxd7 25. Nb4 Nc3 26. Rc1 b6 27. f4
Ne2+ 28. Nxe2 Rxe2 29. Rc2 Rxc2 30. Nxc2 Kf8 1/2-1/2